| 000 | 00731nac a22002051u 4500 | ||
|---|---|---|---|
| 010 | _a 94040073 | ||
| 020 | _a0070493138 (recycled paper) | ||
| 020 | _a0071134654 : | ||
| 082 | 0 | 0 |
_a338.5 _bL9488 |
| 090 |
_c4791 _d4791 |
||
| 100 | _aLuenberger, David G., | ||
| 245 | 1 | 0 |
_aMicroeconomic theory / _cDavid G. Luenberger. |
| 250 | _aInternational ed. | ||
| 260 |
_aNew York : _bMcGraw-Hill,c1995. _cc1995. |
||
| 300 |
_axviii, 486 p. : _bill. ; _c25 cm. |
||
| 504 | _aIncludes bibliographical references (p. 469-477) and index. | ||
| 650 | 0 | _aMicroeconomics. | |
| 942 |
_cBB _k338.5L9488 |
||
| 999 |
_c4791 _d4791 |
||